000 00645nam a2200205Ii 4500
003 JO-AjNU
008 230605s9999||||xx |||||||||||||| ||und||
017 _a2014/7/3197
040 _aJO-AjNU
_bara
_erda
_cJO-AjNU
041 _aara
050 1 4 _aBP193.5 2014
100 3 _aموسى، محمد عيسى,
_eauthor
_950860
245 0 0 _aالحقيقة الكاملة عن فرق الشيعة الضالة
264 3 1 _aعمان: المؤلف، 2014
300 _a206ص
336 _atext
_btxt
_2rdacontent
337 _aunmediated
_bn
_2rdamedia
338 _avolume
_bnc
_2rdacarrier
650 4 _aالشيعة- فرق اسلامية
_950861
999 _aA22430
_c25998
_d25998